Ingeniería de los materiales
Guardat en:
| Autor principal: | |
|---|---|
| Format: | Llibre |
| Idioma: | espanyol |
| Publicat: |
Wilmington
Addison-Wesley Iberoamericana
1994
|
| Col·lecció: | Cuadernos de Trabajo para Ingeniería
|
| Matèries: | |
| Etiquetes: |
Afegir etiqueta
Sense etiquetes, Sigues el primer a etiquetar aquest registre!
|
MARC
| LEADER | 00000nam a2200000 a 4500 | ||
|---|---|---|---|
| 001 | UCZ2494 | ||
| 003 | CL-VaPUC | ||
| 008 | 951005e19940000US |||||||||||||||||spa|d | ||
| 020 | |a 0201601451 | ||
| 082 | 0 | 4 | |a 620.11 |b JOH |2 21 |
| 100 | |a John, V. B |e author |9 427648 | ||
| 245 | 1 | 0 | |a Ingeniería de los materiales |
| 300 | |a 228 p | ||
| 942 | |c BK | ||
| 945 | |d 19951005 00:00:00 |a awong | ||
| 260 | |a Wilmington |b Addison-Wesley Iberoamericana |c 1994 | ||
| 650 | 0 | |a Materiales |9 260800 | |
| 650 | 0 | |a Ingeniería |9 259380 | |
| 583 | |a last modification |c 19951005 00:00:00 |k Rodrigo Vera | ||
| 490 | 0 | |a Cuadernos de Trabajo para Ingeniería | |
| 999 | |c 239077 |d 239075 | ||
| 952 | |0 0 |1 0 |4 0 |6 620_110000000000000_JOH_1994 |7 0 |8 A |9 249891 |a BIBING |b BIBING |d 2019-11-18 |i 3139824 |o 620.11 JOH 1994 |p 3139824 |r 2025-01-20 |w 2019-11-18 |y BK |k TRA | ||